000 00355nam a2200133 4500
005 20260530115306.0
100 1 _aVarios
245 1 0 _aSanitarios Letrinas y otros estudios sobre el WC
264 1 _bFernando Madrigal Guzmán
_c1995
300 _a240 páginas
336 _atexto
_2rdacontent
337 _asin medio
_2rdamedia
338 _avolumen
_2rdacarrier
999 _c13120
_d13120